1562 1021 1977 1620 1373 1086 1109 1544 1982 1980 1740 1012 1383 1528 1286 1475 1475 1957 1098 1078 1539 1169 1274 1620 1426 1934 1547 1962 1585 1544 1173 1718 1516 1100 1250 1086 1344 1437 1968 1873 1655 1560 1752 1133 1009 1207 1697 1833 1600 1828 1111 1638 1169 1074 1130 1531 1754 1989 1612 1842 1800 1806 1975 1709 1571 1423 1450 1138 1136 1757 1159 1053 1380 1418 1164 1614 1309 1460 1057 1858 1706 1310 1342 1776 1661 1746 1822 1734 1841 1194 1411 1969 1228 1004 1598 1915 1143 1460 1674 BCNSPRNW ULIB Ver.6.0+V

เปลี่ยนเป็นภาษาไทย

Change to English
 แสดงรายละเอียดบรรณานุกรม
  กลับหน้าหลัก

Brief Record : Get Marc (ISO 2709) : E-mail record : QR code < ปิดหน้าต่าง
LEADER : 00000nam 2200000uu 4500
001    13399108285
003     ULIB
008    110227s2550||||th 000 0 tha d
020    974933096x
020    9789749330968
060 04 WP145^bก357ก 2550
100 0  กอบกาญจน์ ศรประสิทธิ์
245 10 การผสมผสานภูมิปัญญาตะวันออกในการดูแลสตรีที่เป็นโรคมะเร็งอวัยวะสืบพันธุ์ /^cกอบกาญจน์ ศรประสิทธิ์
250    พิมพ์ครั้งที่ 1
260    กรุงเทพฯ :^bอัลลายด์เพรส,^c2550
300    210 หน้า :^bภาพประกอบ ;^c27 ซม.
650  7 การแพทย์แผนโบราณ^zไทย^xการใช้รักษา
650  7 เนื้องอกทางนรีเวช
650  7 อวัยวะสืบพันธุ์^xมะเร็ง
650  7 อวัยวะสืบพันธุ์, เนื้องอก^xการรักษา
650  7 อวัยวะสืบพันธุ์, โรค
945    ^p220^l0^i17994
945    ^p220^l0^i17995
945    ^p220^l0^i17996
945    ^p220^l0^i17997
945    ^p220^l0^i17998
995    เกษร
999    ^aใช้งานได้ทุกระบบ
รายการนี้ยังไม่มีแท็ก
คุณยังไม่ได้ล็อกอิน คุณสามารถมีกิจกรรมร่วมกับเว็บไซต์ได้ แต่ต้องล็อกอินก่อน ::
  ล็อกอิน

รายการสื่อสารสนเทศ

ลำดับที่ ประเภท เลขเรียก/บาร์โค้ด สถานที่ สถานะ
1. วิทยาศาสตร์การแพทย์ และสุขภาพ
วิทยาศาสตร์การแพทย์ และสุขภาพ
WP145 ก357ก 2550 ฉ.1 
  Barcode: 17994
ห้องสมุดวิทยาเขตสวรรค์ประชารักษ์
►ส่วนจัดเก็บหนังสือเก่า สปร
บนชั้น
  ขอยืม
2. วิทยาศาสตร์การแพทย์ และสุขภาพ
วิทยาศาสตร์การแพทย์ และสุขภาพ
WP145 ก357ก 2550 ฉ.2 
  Barcode: 17995
ห้องสมุดวิทยาเขตสวรรค์ประชารักษ์
►ส่วนจัดเก็บหนังสือเก่า สปร
บนชั้น
  ขอยืม
3. วิทยาศาสตร์การแพทย์ และสุขภาพ
วิทยาศาสตร์การแพทย์ และสุขภาพ
WP145 ก357ก 2550 ฉ.5 
  Barcode: 17998
ห้องสมุดวิทยาเขตสวรรค์ประชารักษ์
►ส่วนจัดเก็บหนังสือเก่า สปร
บนชั้น
  ขอยืม

รายการใกล้เคียง
    หัวเรื่อง [เนื้องอกทางนรีเวช]
    หัวเรื่อง [อวัยวะสืบพันธุ์, โรค]

BibComment


ยังไม่เคยถูกคอมเมนท์

คอมเมนท์ทรัพยากรรายการนี้
  คอมเมนท์: การผสมผสานภูมิปัญ..


 Copyright 2026. Bcnsprnw @Library